Evans v Clayhope Properties Ltd (Record no. 2559)

MARC details
000 -LEADER
fixed length control field 01587cab a2200205 4500
001 - CONTROL NUMBER
control field ABS37416
008 - FIXED-LENGTH DATA ELEMENTS--GENERAL INFORMATION
fixed length control field 090401t1987 xxu||||| |||| 00| 0 eng d
035 ## - SYSTEM CONTROL NUMBER
System control number (Sirsi) u4271
041 ## - LANGUAGE CODE
Language code of text/sound track or separate title eng
245 ## - TITLE STATEMENT
Title Evans v Clayhope Properties Ltd
260 ## - PUBLICATION, DISTRIBUTION, ETC.
Date of publication, distribution, etc. 1987
350 ## - PRICE (NR) (BK AM CF MU VM SE) [OBSOLETE]
Price 0
490 ## - SERIES STATEMENT
Series statement Weekly Law Reports
Volume/sequential designation (1987) 1 WLR 225-231(7)
520 ## - SUMMARY, ETC.
Summary, etc. ChD 3 November 1986. The defendant was the landlord of a block of twenty flats which was in a poor state of repair. Fourteen of the flats were let on long leases under which the tenants had to pay a service charge equal to one twentieth of the cost to the landlord of complying with the covenants to repair the main structure and decorate the common parts. This charge was not payable until the cost had been incurred. A statutory tenant of one of these flats brought an action on behalf of all the tenants claiming specific performance of the landlord`s covenants . During this action the court appointed a receiver and manager to receive the rents and carry out repairs , but the receiver`s expenses exceeded the monies he was appointed to receive. He applied to the ChD for directions as to whether he could recover these expenses from the landlord. Held, refusing the application, that receivers were officers of the court and "must look for their indemnity to the assets which are under the co
650 ## - SUBJECT ADDED ENTRY--TOPICAL TERM
Topical term or geographic name entry element REPAIRING COVENANTS
650 ## - SUBJECT ADDED ENTRY--TOPICAL TERM
Topical term or geographic name entry element PROPERTY-RESIDENTIAL PROPERTY-RESIDENTIAL LANDLORD AND TENANT-RESIDENTIAL TENANCIES
690 ## - LOCAL SUBJECT ADDED ENTRY--TOPICAL TERM (OCLC, RLIN)
Topical term or geographic name as entry element LANDLORD AND TENANT-CASE LAW-RESIDENTIAL TENANCIES
942 ## - ADDED ENTRY ELEMENTS (KOHA)
Suppress in OPAC 0
948 ## - LOCAL PROCESSING INFORMATION (OCLC); SERIES PART DESIGNATOR (RLIN)
c (OCLC) 04/03/1997
Holdings
Withdrawn status Lost status Source of classification or shelving scheme Damaged status Not for loan Home library Current library Shelving location Date acquired Total Checkouts Full call number Barcode Date last seen Copy number Price effective from Koha item type
    Dewey Decimal Classification     London London Journal article 14/09/1999   ABS37416 4271-1001 06/08/2019 1 06/08/2019 Law report